Clinical pharmacy education, practice and research : (Record no. 363043)
[ view plain ]
| 000 -LEADER | |
|---|---|
| fixed length control field | 00585nam a2200133Ia 4500 |
| 008 - FIXED-LENGTH DATA ELEMENTS--GENERAL INFORMATION | |
| fixed length control field | 200302s9999 xx 000 0 und d |
| 020 ## - INTERNATIONAL STANDARD BOOK NUMBER | |
| International Standard Book Number | 9780128142769 |
| 245 ## - TITLE STATEMENT | |
| Statement of responsibility, etc | Edited by Dixon Thomas |
| Title | Clinical pharmacy education, practice and research : |
| Remainder of title | clinical pharmacy, drug information, pharmacovigilance, pharmacoeconomics and clinical research / |
| 260 ## - PUBLICATION, DISTRIBUTION, ETC. (IMPRINT) | |
| Place of publication, distribution, etc | United States: |
| Name of publisher, distributor, etc | Elsevier |
| Date of publication, distribution, etc | 2019 |
| 300 ## - PHYSICAL DESCRIPTION | |
| Extent | xxiii, 516 pages : |
| Other physical details | black and white illustrations; |
| Dimensions | 28 cm |
| 500 ## - GENERAL NOTE | |
| General note | Includes appendix and index. |
| 650 ## - SUBJECT ADDED ENTRY--TOPICAL TERM | |
| Topical term or geographic name as entry element | Pharmacy -- Practice. |
| 650 ## - SUBJECT ADDED ENTRY--TOPICAL TERM | |
| Topical term or geographic name as entry element | Pharmacy -- Study and teaching. |
| Withdrawn status | Lost status | Damaged status | Home library | Current library | Shelving location | Date acquired | Total Checkouts | Full call number | Barcode | Date last seen | Price effective from | Koha item type |
|---|---|---|---|---|---|---|---|---|---|---|---|---|
| South SEED-LPDH College Library | South SEED-LPDH College Library | South SEED-LPDH College Section | 03/02/2020 | RS 100 .C641 2019 | SSLC1887 | 03/02/2020 | 03/02/2020 | Books |